000 00977nam a2200289 i 4500
003 DO-SdBNP
005 20260521083601.0
007 ta
008 260518b2025 dr a|||| |||| 00| 0 spa d
020 _a9798314346730
040 _aDO-SdBNP
_bspa
_cBNPHU
_erda
041 _aspa
082 _axxx
_bC957h
_222
100 1 _aCruz, Pedro A.,
_eautor
_4aut.
_989641
245 1 3 _aEl hombre y su profunda agonía por el saber :
_bel pensamiento crítico como puente entre la historia y la razón /
_cPedro A. Cruz
250 _asegunda edición
264 1 _aSanto Domingo :
_beditor no identificado,
_c2025.
300 _a163 páginas ;
_c23 cm.
336 _atexto
_btxt
_2rdacontent
337 _asin mediación
_bn
_2rdamedia
338 _avolumen
_bnc
_2rdacarrier
500 _aIncluye referencias bibliográficas y notas al pie de las páginas
504 _aBibliografía : páginas 161-163
590 _aInventariado, 2026/BT
910 _aBtavárez
942 _2ddc
_cLBS1
999 _c60770
_d60770